00497nam a2200157Ia 4500008004100000020001500041082001800056100003000074245005900104250000700163260005000170300002900220500001900249600002100268650005000289240925s9999 xx 000 0 und d a8126502967 a005.172 1 DRE aDreamtech Software Team 0aProgramming for Embeded Systems: cracking the code TM  aNA aNew Delhi:bNewWiley -dreamtech Pressc,2003. axxiv,452p.bNAfOriginal aIncludes Index aComputer Science aComputer science, information & general works